[Event "VIE-ch U07"]
[Site "Ho Chi Minh City"]
[Date "2014.07.17"]
[Round "7"]
[White "Nguyen, Hoang Viet"]
[Black "Nguyen, Anh Kiet"]
[Result "0-1"]
[WhiteElo "1360"]
[BlackElo "1392"]
[PlyCount "34"]
[EventDate "2014.07.13"]
[EventType "swiss"]
[EventRounds "9"]
[EventCountry "VIE"]
[SourceTitle "EXT 2016"]
[Source "ChessBase"]
[SourceDate "2015.10.08"]
[SourceVersion "1"]
[SourceVersionDate "2015.10.08"]
[SourceQuality "1"]

1. e4 e5 2. Nf3 Nc6 3. d3 Bb4+ 4. Nc3 Ba5 5. Be2 b6 6. Bg5 f6 7. Bh4 Nge7 8. 0-0 Rf8 9. a3 d6 10. b4 Nd4 11. bxa5 bxa5 12. Nxd4 exd4 13. Nd5 Nxd5 14. exd5 Rf7 15. Re1 Kf8 16. Bh5 Re7 17. Rxe7 Kxe7 0-1